| 000 | 00515nam a2200121Ia 4500 | ||
|---|---|---|---|
| 008 | 171212s9999 xx 000 0 und d | ||
| 020 | _a9780833076687 | ||
| 100 | _aMiller, Amalia R.;Heaton, Paul;Loughran, David S. | ||
| 245 |
_cMiller, Amalia R.;Heaton, Paul;Loughran, David S. _aAnalysis of Financial Support to the Surviving Spouses and Children of Casualties in the Iraq and Afghanistan Wars |
||
| 260 |
_bRAND Corporation _c2012 |
||
| 650 | _aHistory | ||
| 856 | _uhttp://www.jstor.org/stable/10.7249/j.ctt1q60qv | ||
| 999 |
_c351736 _d351736 |
||